000 00509nam a2200193Ia 4500
008 220216s9999 xx 000 0 und d
100 _aFreakley
245 4 _aThe Effect of a coating material on antiozonant blooming in natural rubber compounds
260 _bKautschuk Gummi Kunststoffe
_c2000
300 _a224-227
650 _aAntiozonant
650 _aBloom
650 _aCoating
650 _aCompatibility
650 _aDiffusion
650 _aSubstrate
700 _aBhala M J
942 _cJS
999 _c70597
_d70597